| 000 | 00690nam a2200241Ia 4500 | ||
|---|---|---|---|
| 003 | OSt | ||
| 005 | 20220924130814.0 | ||
| 006 | a|||||r|||| 00| 0 | ||
| 007 | ta | ||
| 008 | 220923b |||||||| |||| 00| 0 urd d | ||
| 020 | _c40.00 | ||
| 024 | _a321297 | ||
| 037 | _cTextual | ||
| 040 |
_aARTS _cARTS _burd |
||
| 041 |
_2urd _aurd |
||
| 082 | _aQ7xM60,11, 168N2 | ||
| 100 |
_aThanvi Ashraf Ali Au. _9155392 |
||
| 245 | 0 | _aHakeemul ummat Hazrat Thanvi ke islahi pansandidah waqiaat | |
| 260 |
_aU.P. _bSiddeeq kitab ghar India _c1992 |
||
| 650 |
_aISLAM _9577 |
||
| 942 |
_hQ7xM60,11, 168N2 _cTEXL _2CC |
||
| 999 |
_c425390 _d425390 |
||